000 00634nam a2200217 i 4500
001 bg
100 1 _aPOWELL, Debra
245 1 0 _aCommon mistakes at CAE ... and how to avoid them /
_cDebra Powell.
260 _aCambridge :
_bCambridge University Press,
_c2005.
300 _a64 s. :
_brys. ;
_c21 cm.
650 9 _aJęzyk angielski
_xbłędy
655 _aPodręczniki
020 _a0521603773
040 _cBPK
041 0 _aeng
080 _a811.111'271(07)
920 _a0-521-60377-3
942 _cKS
008 s pl f |000 0 pol
999 _c46643
_d46643